10 most hyped nba prospects of the 21st century - Statistics

General Stats
  • This quiz has been taken 19 times
  • The average score is 4 of 10
Answer Stats
Hint Answer % Correct
1 LeBron James
100%
3 Kevin Durant
63%
5 Anthony Davis
53%
6 Derrick Rose
47%
10 Blake Griffin
42%
9 Andrew Wiggins
37%
2 Greg Oden
37%
4 Darko Milicic
16%
8 Kwame Brown
16%
7 John Wall
11%
No matching quizzes found
Score Distribution
Percent of People with Each Score
Percentile by Number Answered
Your Score History
You have not taken this quiz